आदिवासी दर्शन/ (Record no. 209975)

MARC details
000 -LEADER
fixed length control field 01596nam a22002777a 4500
005 - DATE AND TIME OF LATEST TRANSACTION
control field 20251209111700.0
010 ## - LCCN (DPL NO)
LC control number HIN-130583 B-773812-826 25BACHN25
020 ## - INTERNATIONAL STANDARD BOOK NUMBER
International Standard Book Number 9789360865320
Terms of availability 995.00
035 ## - SYSTEM CONTROL NUMBER
System control number B-773812-826
035 ## - SYSTEM CONTROL NUMBER
System control number HN-102929
037 ## - SOURCE OF ACQUISITION
Source of stock number/acquisition राजकमल प्रकाशन
037 ## - SOURCE OF ACQUISITION
Source of stock number/acquisition DBAD
082 ## - DEWEY DECIMAL CLASSIFICATION NUMBER
Edition number 1
Classification number 808.88
100 ## - MAIN ENTRY--PERSONAL NAME
Personal name गहलोत, प्रेमसिंह
245 ## - TITLE STATEMENT
Title आदिवासी दर्शन/
Statement of responsibility, etc समर बासु मल्लिक द्वारा संपादित ...[आदि]
250 ## - EDITION STATEMENT
Edition statement 1
260 ## - PUBLICATION, DISTRIBUTION, ETC. (IMPRINT)
Place of publication, distribution, etc नई दिल्ली
Name of publisher, distributor, etc राजकमल प्रकाशन
Date of publication, distribution, etc 2024
270 ## - ADDRESS
Address 1 बी, नेताजी सुभाष मार्ग, दरियागंज,
City नई दिल्ली
Postal code 110002
300 ## - PHYSICAL DESCRIPTION
Extent 389पृ.
Dimensions 22सेमी(साजिल्द)
700 ## - ADDED ENTRY--PERSONAL NAME
Personal name मल्लिक, समर बसु
9 (RLIN) 84813
700 ## - ADDED ENTRY--PERSONAL NAME
Personal name किड़ो, संतोष
9 (RLIN) 84814
700 ## - ADDED ENTRY--PERSONAL NAME
Personal name रणेन्द्र
9 (RLIN) 84815
700 ## - ADDED ENTRY--PERSONAL NAME
Personal name मोनिका रानी टुटी
9 (RLIN) 84816
942 ## - ADDED ENTRY ELEMENTS (KOHA)
Source of classification or shelving scheme Dewey Decimal Classification
Item type Hindi Books
Classification part 808.88
Call number suffix आदिवा
Holdings
Withdrawn status Lost status Not for loan Collection code Home library Current library Date acquired Source of acquisition Cost, normal purchase price Full call number Barcode Copy number Cost, replacement price Koha item type
      Non-fiction Andrews Gunj Andrews Gunj 04/09/2025 राजकमल प्रकाशन/17200/24.03.2025/159/21.03.2025/27.03.2025 995.00 आदिवा 808.88 B-773820 1 995.00 Hindi Books
      Non-fiction Ashok Vihar Ashok Vihar 04/09/2025 राजकमल प्रकाशन/17200/24.03.2025/159/21.03.2025/27.03.2025 995.00 आदिवा 808.88 B-773816 1 995.00 Hindi Books
      Non-fiction Bagh Kadhe Khan Bagh Kadhe Khan 04/09/2025 राजकमल प्रकाशन/17200/24.03.2025/159/21.03.2025/27.03.2025 995.00 आदिवा 808.88 B-773823 1 995.00 Hindi Books
      Non-fiction Bawana Bawana 04/09/2025 राजकमल प्रकाशन/17200/24.03.2025/159/21.03.2025/27.03.2025 995.00 आदिवा 808.88 B-773824 1 995.00 Hindi Books
      Non-fiction Central Library Central Library 04/09/2025 राजकमल प्रकाशन/17200/24.03.2025/159/21.03.2025/27.03.2025 995.00 आदिवा 808.88 B-773812 1 995.00 Hindi Books
      Non-fiction Janak Puri Janak Puri 04/09/2025 राजकमल प्रकाशन/17200/24.03.2025/159/21.03.2025/27.03.2025 995.00 आदिवा 808.88 B-773818 1 995.00 Hindi Books
      Non-fiction Mobile Library Mobile Library 04/09/2025 राजकमल प्रकाशन/17200/24.03.2025/159/21.03.2025/27.03.2025 995.00 आदिवा 808.88 B-773813 2 995.00 Hindi Books
      Non-fiction Mobile Library Mobile Library 04/09/2025 राजकमल प्रकाशन/17200/24.03.2025/159/21.03.2025/27.03.2025 995.00 आदिवा 808.88 B-773814 2 995.00 Hindi Books
      Non-fiction New Police Line New Police Line 04/09/2025 राजकमल प्रकाशन/17200/24.03.2025/159/21.03.2025/27.03.2025 995.00 आदिवा 808.88 B-773815 1 995.00 Hindi Books
      Non-fiction New Rohtak Road New Rohtak Road 04/09/2025 राजकमल प्रकाशन/17200/24.03.2025/159/21.03.2025/27.03.2025 995.00 आदिवा 808.88 B-773822 1 995.00 Hindi Books
      Non-fiction Patel Nagar Patel Nagar 04/09/2025 राजकमल प्रकाशन/17200/24.03.2025/159/21.03.2025/27.03.2025 995.00 आदिवा 808.88 B-773817 1 995.00 Hindi Books
      Non-fiction Sarojini Nagar Sarojini Nagar 04/09/2025 राजकमल प्रकाशन/17200/24.03.2025/159/21.03.2025/27.03.2025 995.00 आदिवा 808.88 B-773819 1 995.00 Hindi Books
      Non-fiction Sarojini Nagar Sarojini Nagar 09/12/2025 DBAD 995.00 808.88 आदिवा HN-102929 1 995.00 Hindi Books
      Non-fiction Shahdara Branch Shahdara Branch 04/09/2025 राजकमल प्रकाशन/17200/24.03.2025/159/21.03.2025/27.03.2025 995.00 आदिवा 808.88 B-773825 1 995.00 Hindi Books
      Non-fiction Vinoba Puri Vinoba Puri 04/09/2025 राजकमल प्रकाशन/17200/24.03.2025/159/21.03.2025/27.03.2025 995.00 आदिवा 808.88 B-773821 1 995.00 Hindi Books
      Non-fiction Yojana Vihar Yojana Vihar 04/09/2025 राजकमल प्रकाशन/17200/24.03.2025/159/21.03.2025/27.03.2025 995.00 आदिवा 808.88 B-773826 1 995.00 Hindi Books

© Delhi Public Library
Hit Counter
free hit counter